000 01078nam a2200313 4500
003 EC-UNACH
005 20251015115359.0
006 s||||gr|||| 00| 00
008 150116t9999 mx r gr 000 0 spa d
020 _a978-958-8675-39-8
040 _aEC-UNACH
_cEC-UNACH
041 _aspa
082 0 4 _223
_a658.562
_bL011534
110 _aIdeasPropias
245 _aSistemas de calidad : Implantación de diferentes sistemas en la organización
250 _aPrimera edición
264 _aColombia
_bIdeasPropias
_c2011
300 _a166 páginas
_bTablas
505 _aÍndice. -- 1. ¿Qué es un sistema de gestión y aseguramiento de la calidad? -- 2. Sistema UNE-EN-ISO 9000. -- 3. Sistema EFQM. -- 4. Resumen. -- 5. Examen. -- 6. Bibliografía.
650 _aLIDERAZGO DE LA DIRECCIÓN
650 _aGESTIÓN DE LOS RECURSOS
650 _aREDER
650 _aMODELO EFQM
700 _aLópez Rey, Susana
942 _c1
_2ddc
999 _c14009